Fire and explosion hazards of peroxy compounds.

Bibliographic Details
Corporate Author: American Society for Testing and Materials. Committee E-15 on Analysis and Testing of Industrial Chemicals
Format: Book
Language:English
Published: Philadelphia : American Society for Testing and Materials, [1965]
Series:ASTM special technical publication ; 394.
Subjects:

MARC

Tag First Indicator Second Indicator Subfields
LEADER 00000cam a2200000 4500
001 in00000097917
005 20150925115243.0
008 730301s1965 eng u
010 |a  65027717  
035 |a (OCoLC)00567561 
035 |9 AAL3112AM 
040 |c WSU  |d TXA  |d UtOrBLW 
049 |a TXAM  |c [512077] 
090 |a TP290.P5  |b A45 
110 2 |a American Society for Testing and Materials.  |b Committee E-15 on Analysis and Testing of Industrial Chemicals. 
245 1 0 |a Fire and explosion hazards of peroxy compounds. 
264 1 |a Philadelphia :  |b American Society for Testing and Materials,  |c [1965] 
300 |a 24 pages 
336 |a text  |b txt  |2 rdacontent 
337 |a unmediated  |b n  |2 rdamedia 
338 |a volume  |b nc  |2 rdacarrier 
490 1 |a A.S.T.M. special technical publication no. 394 
504 |a Bibliography: pages 20-24. 
650 0 |a Peroxides. 
650 0 |a Explosions. 
830 0 |a ASTM special technical publication ;  |v 394. 
999 |a MARS 
999 f f |s 173108a7-0e60-3321-88c8-dccbfd822a84  |i 1614b2f5-73b4-3b57-8c5f-365610af49c6  |t 0 
952 f f |p normal  |a Texas A&M University  |b College Station  |c Sterling C. Evans Library  |d Evans: Library Stacks  |t 0  |e TP290.P5 A45  |h Library of Congress classification  |i unmediated -- volume  |m A14805603868 
998 f f |a TP290.P5 A45  |t 0  |l Evans: Library Stacks